000 00343nam a22001337a 4500
008 260530b |||||||| |||| 00| 0 eng d
020 _a9789381275320
082 _a001922
100 _aPoorna Prajna Samshodhan Trust
245 _aPrajna Vol viii
260 _aBangalore
_bPoorna Prajna Samshodhan Trust
_c2013
300 _a155p
942 _2ddc
999 _c1497
_d1497